Methods and techniques in post-secondary education /

Bibliographic Details
Main Author: Bligh, Donald A.
Corporate Author: Unesco
Other Authors: Jaques, David, Piper, David Warren
Format: Book
Language:English
Published: Paris : Unesco, 1980.
Series:Educational studies and documents ; new ser., no. 31.
Subjects:

MARC

Tag First Indicator Second Indicator Subfields
LEADER 00000cam a2200000 a 4500
001 in00000086858
005 20151008062812.0
008 810219s1980 fr a b i00110 eng d
020 |a 9231015753 
035 |a (OCoLC)07138172 
035 |9 AAK0964AM 
040 |a NED  |c NED  |d TXA  |d UtOrBLW 
049 |a TXAM  |c [1655562] 
090 |a LB5  |b  U37 n.s., no. 31 
100 1 |a Bligh, Donald A. 
245 1 0 |a Methods and techniques in post-secondary education /  |c by Donald A. Bligh ; with David Jaques and David Warren Piper. 
264 1 |a Paris :  |b Unesco,  |c 1980. 
300 |a 138 pages :  |b illustrations ;  |c 30 cm. 
336 |a text  |b txt  |2 rdacontent 
337 |a unmediated  |b n  |2 rdamedia 
338 |a volume  |b nc  |2 rdacarrier 
490 1 |a Educational studies and documents : New series ;  |v no. 31 
500 |a Includes index. 
504 |a Bibliography: pages 57-100. 
650 0 |a Education, Higher  |x Methodology. 
650 0 |a Education, Higher  |x Technique. 
700 1 |a Jaques, David. 
700 1 |a Piper, David Warren. 
710 2 |a Unesco. 
830 0 |a Educational studies and documents ;  |v new ser., no. 31. 
999 |a MARS 
999 f f |s d5f6fbe3-b67f-37b4-94da-7002e0bc30da  |i 6af48967-8c4c-381b-bd1a-ffcd386701c1  |t 0 
952 f f |p normal  |a Texas A&M University  |b College Station  |c Sterling C. Evans Library  |d Evans: Library Stacks  |t 0  |e LB5 U37 n.s., no. 31  |h Library of Congress classification  |i unmediated -- volume  |m A14805982026 
998 f f |a LB5 U37 n.s., no. 31  |t 0  |l Evans: Library Stacks